|
|
|
|
| LEADER |
01026 a2200193 4500 |
| 008 |
131218b xxu||||| |||| 00| 0 eng d |
| 020 |
|
|
|a 9780415325080
|
| 082 |
|
|
|a 149.73
|
| 100 |
|
|
|a Russell, Bertrand
|
| 245 |
|
|
|a Sceptical essays /
|c Bertrand Russell
|
| 260 |
|
|
|c 2004
|b Routledge,
|a London:
|
| 300 |
|
|
|a xiii, 225p. ;
|c 20 cm
|
| 505 |
|
|
|a On the value of scepticism--dreams and facts--is science superstitious? can men be rational ?philosophy in the twentieth century--behaviourism and values--eastern and western ideals of happiness--the harm that good men do--recrudescence of puritanism--need for political scepticism--free thought and official propaganda--freedom in society--freedom versus authority in education--psychology and politics--danger of creed wars.
|
| 650 |
|
|
|a Skepticism
|
| 650 |
|
|
|a Social ethics
|
| 650 |
|
|
|a Intellect
|
| 942 |
|
|
|2 ddc
|c BK
|
| 999 |
|
|
|c 100320
|d 100320
|
| 952 |
|
|
|0 0
|1 0
|4 0
|6 149_730000000000000_RUS_S
|7 0
|9 100030
|a UL
|b UL
|c ST1
|d 2013-06-07
|e 2
|g 288.35
|l 0
|o 149.73 RUS/S
|p 89093
|r 2013-08-27
|v 395.00
|y BK
|